Tratamiento del alcoholismo: estudio de la eficacia en cuatro orientaciones terapeúticas

Kaydedildi:
Detaylı Bibliyografya
Yazar: Miguez L, Hugo A.
Materyal Türü: Metin
Baskı/Yayın Bilgisi: San José: Instituto Nacional sobre Alcoholismo
Edisyon:2
Etiketler: Etiketle
Etiket eklenmemiş, İlk siz ekleyin!

MARC

LEADER 00000 a a2200000 04500
001 15373
003
040
090 |a 023400  
100 |a Miguez L, Hugo A.  
245 |a Tratamiento del alcoholismo: estudio de la eficacia en cuatro orientaciones terapeúticas  
250 |a 2  
260 |a San José:   |b Instituto Nacional sobre Alcoholismo  
300 |a 66 p.  
999 |c 14387  |d 14387